000 00394nam a22001697a 4500
003 OSt
005 20211124094103.0
008 211124b |||||||| |||| 00| 0 eng d
020 _a978999446365
040 _chu
082 _a398,209663
100 _ashlomo bachrach
_920273
245 _aethiopian folktales
260 _aaddis ababa
_bhall
_c1967
300 _a144
942 _2ddc
_cBOOKS
_n0
999 _c19892
_d19892